000 00422nam a2200181Ia 4500
001 19834
005 20260306172722.0
008 260306t2006||||xx |||||||||||||| ||spa||
041 _aESP
082 _a341.11
_bG82
100 _aGrossi, Paolo
_eAUT
245 0 _aLa primera lección de derecho
260 _c2006
300 _a102 páginas :
_c21 cm.
650 _aGEN
654 _aCDE
942 _cLIB
_dJUS
_fJUS
_2ddc
_n
999 _c19834
_d19834